• 首页
  • 本馆介绍
  • 公告通知
  • 最新文献
  • 馆藏检索
  • 电子资源
  • 读者导购
  • 参考咨询
  • 我的图书馆
  • 登录
  • 详细信息显示
  • 放入我的书架
  • 预约/预借图书
  • 作者相关作品
  • 分类相关作品
  • 丛书相关作品
  • 出版社相关作品

书目信息

  • 表格格式
  • 工作单格式
  • 卡片格式
题名:
陆柬之书陆机文赋
    
 
作者: 陆柬之 书
分册:  
出版信息: 北京   中国书店  2001.01
页数: 1册
开本: 35cm
丛书名: 晋唐名帖
单 册:
中图分类: J292.24
科图分类:
主题词: 行楷--法书--中国--唐代 , CT--S083781--行楷 , CT--S019188--法书
电子资源:
ISBN: 7-80663-019-8
000 00877oam2 2200289 45
001 012001053729
005 20070928083800.68
010    @a7-80663-019-8@dCNY10.00
100    @a20010719d2001 em y0chiy0110 ea
101 0  @achi
102    @aCN@b110000
105    @ay z 000yy
106    @ad
200 1  @a陆柬之书陆机文赋@ALu Jian Zhi Shu Lu Ji Wen Fu@f[(唐)陆柬之书]@F[( Tang ) Lu Jian Zhi Shu ]
210    @a北京@c中国书店@d2001.01
215    @a1册@d35cm
225 2  @a晋唐名帖
330    @a本书主要包括与欧阳修齐名的唐代书法家陆柬之书写的陆机的《文赋》全文,字帖体以正、行为主。
410  0 @12001 @a晋唐名帖
606 0  @a行楷@x法书@y中国@z唐代
606 0  @2CT@3S083781@a行楷
606 0  @2CT@3S019188@a法书
690    @aJ292.24@v4
701  0 @a陆柬之@ALu Jian Zhi@4书
801  0 @aCN@bNLC@c20070928
905    @aBZT@dJ292.24@e13
906    @dCNY10.00@n0@r1
    
    陆柬之书陆机文赋/[(唐)陆柬之书].-北京:中国书店,2001.01
    1册;35cm.-(晋唐名帖)
    
    
    ISBN 7-80663-019-8:CNY10.00
    本书主要包括与欧阳修齐名的唐代书法家陆柬之书写的陆机的《文赋》全文,字帖体以正、行为主。
●
相关链接 在五车中查询图书 在当当中查询图书 在豆瓣中查询图书


正题名:陆柬之书陆机文赋     索取号:J292.24/13         预约/预借

序号 登录号 条形码 馆藏地/架位号 状态 备注
1 587465   230156772   中心书库中库/ 中库018架B面2列5层55/ [索取号:J292.24/13] 在馆    
2 587466   230156771   中心书库中库/ 中库018架B面2列5层21/ [索取号:J292.24/13] 在馆    
3 587467   230156770   中心书库中库/ 中库018架B面2列5层45/ [索取号:J292.24/13] 在馆    
4 587468   230156769   中心书库中库/ 中库018架B面2列5层2/ [索取号:J292.24/13] 在馆    
5 587469   230156768   中心书库中库/ 中库018架B面2列5层11/ [索取号:J292.24/13] 在馆    
山东省滨州职业学院图书馆 欢迎您!
大连网信软件有限公司© 版权所有